7th Winter Seminar of Regional Science Proceedings : 15th -18th March 2017, High Tatras, Slovakia

Saved in:
Bibliographic Details
Corporate Authors: Winter Seminar of Regional Science, Spoločnosť pre regionálnu vedu a politiku, Národohospodárska fakulta EU. Katedra verejnej správy a regionálneho rozvoja
Other Authors: Rehák, Štefan, 1974-, Černěnko, Tomáš, 1981-, Puškárová, Paula, 1985-, Širaňová, Mária
Format: Book
Language:English
Published: Bratislava EKONÓM publishing 2017
Edition:1st edition
Subjects:
Tags: Add Tag
No Tags, Be the first to tag this record!

MARC

LEADER 00000nlm a2200000 4500
001 0240594
005 20240711100807.8
020 |a 978-80-225-4472-6 
041 0 |a eng 
044 |a SK 
245 1 0 |a 7th Winter Seminar of Regional Science  |b Proceedings : 15th -18th March 2017, High Tatras, Slovakia  |c editors: Štefan Rehák, Tomáš Černěnko ; reviewers: Paula Puškárová ... [et al.] 
250 |a 1st edition 
264 1 |a Bratislava  |b EKONÓM publishing  |c 2017 
300 |a CD-ROM [120 s., 6 AH] 
610 2 0 |a rozvoj regionálny 
610 2 0 |a regióny 
610 2 0 |a regionalistika 
700 1 |a Rehák, Štefan, 1974- 
700 1 |a Černěnko, Tomáš, 1981- 
700 1 |a Puškárová, Paula, 1985- 
700 1 |a Širaňová, Mária 
110 2 |a Winter Seminar of Regional Science 
710 2 |a Spoločnosť pre regionálnu vedu a politiku 
710 2 |a Národohospodárska fakulta EU. Katedra verejnej správy a regionálneho rozvoja